000 00865nam a2200253 a 4500
001 BRL_1578
005 20190320211254.0
008 180314s1986----mx-ao#####---#000-0#spa-#
041 _aspa
044 _amx
050 4 _aGV1628.C8
_b.M47 1986
100 1 _aMerlo J. Eduardo
_927343
245 1 0 _aApuntes sobre las danzas de Cuetzalan
_cEduardo Merlo J. ; Laura Elena Betancourt de Jiménez presidenta.
260 _a[Puebla]
_bProarte Puebla
_c1986
300 _a85 p.
_bil., fotografías (blanco y negro)
_c29 cm.
500 _aAu1782
500 _aIncluye dedicatoria a Ruth Lechuga
504 _aBibliografía: p. 81-82
650 1 4 _aDanzas populares y nacionales
_zCuetzalan (Puebla)
_927344
651 4 _aCuetzalan (Puebla)
_xVida social y costumbres
_927345
700 1 _aBetancourt de Jiménez, Laura Elena
_927346
902 _aGRL
942 _2lcc
_cB
999 _c10387
_d10387